Analýza vzťahov kvalitatívnych vlastností surovín a kvalitatívnych vlastností vlnitej lepenky záverečná práca postgraduálneho štúdia
Saved in:
| Main Author: | |
|---|---|
| Corporate Author: | |
| Other Authors: | |
| Format: | Book |
| Language: | Slovak |
| Published: |
Bratislava
1987
|
| Tags: |
No Tags, Be the first to tag this record!
|
MARC
| LEADER | 00000nam a2200000 4500 | ||
|---|---|---|---|
| 001 | c024861 | ||
| 005 | 20230116094946.9 | ||
| 041 | 0 | |a slo | |
| 044 | |a SK | ||
| 245 | 1 | 0 | |a Analýza vzťahov kvalitatívnych vlastností surovín a kvalitatívnych vlastností vlnitej lepenky |b záverečná práca postgraduálneho štúdia |c Jozef Šťovíček ; Ved. práce Hedviga Bakytová |
| 264 | 1 | |a Bratislava |c 1987 | |
| 300 | |a 30 s. | ||
| 100 | 1 | |a Šťovíček, Jozef | |
| 700 | 1 | |a Bakytová, Hedviga | |
| 710 | 2 | |a Vysoká škola ekonomická v Bratislave | |